000 00630nam a2200241 a 4500
001 0001-1151
003 ELIB.Books
008 150505 2010 eng
020 _a9780805448382
035 _a(ELIB.Books)0001-1306
092 _a230
_bEst
100 _aEstep, James R.
245 _aChristian Formation
_bIntegrating Theology & Human Development
260 _aNashville
_bB & H Academic
_c2010
300 _a307
_c23 Cm
500 _aC/o Moe Lwei
650 _aTheology
856 _nKBTS: Library
_uKBTS: Elib
942 _2ddc
_cBK
990 _a1
998 _cbat
_e2015-05-05
999 _c11151
_d11151